<?xml version="1.0" encoding="UTF-8"?><?xml-stylesheet type="text/xsl" href="static/style.xsl"?><OAI-PMH xmlns="http://www.openarchives.org/OAI/2.0/" xmlns:xsi="http://www.w3.org/2001/XMLSchema-instance" xsi:schemaLocation="http://www.openarchives.org/OAI/2.0/ http://www.openarchives.org/OAI/2.0/OAI-PMH.xsd"><responseDate>2026-06-07T16:09:02Z</responseDate><request verb="GetRecord" identifier="oai:docta.ucm.es:20.500.14352/110039" metadataPrefix="marc">https://docta.ucm.es/rest/oai/request</request><GetRecord><record><header><identifier>oai:docta.ucm.es:20.500.14352/110039</identifier><datestamp>2025-03-18T12:49:28Z</datestamp><setSpec>com_20.500.14352_14</setSpec><setSpec>col_20.500.14352_15</setSpec></header><metadata><record xmlns="http://www.loc.gov/MARC21/slim" xmlns:dcterms="http://purl.org/dc/terms/" xmlns:xsi="http://www.w3.org/2001/XMLSchema-instance" xmlns:doc="http://www.lyncode.com/xoai" xsi:schemaLocation="http://www.loc.gov/MARC21/slim http://www.loc.gov/standards/marcxml/schema/MARC21slim.xsd">
   <leader>00925njm 22002777a 4500</leader>
   <datafield ind2=" " ind1=" " tag="042">
      <subfield code="a">dc</subfield>
   </datafield>
   <datafield ind2=" " ind1=" " tag="720">
      <subfield code="a">Luengo Olmos, Javier</subfield>
      <subfield code="e">author</subfield>
   </datafield>
   <datafield ind2=" " ind1=" " tag="720">
      <subfield code="a">Nozal, Francisco</subfield>
      <subfield code="e">author</subfield>
   </datafield>
   <datafield ind2=" " ind1=" " tag="720">
      <subfield code="a">Montes Santiago, M.J.</subfield>
      <subfield code="e">author</subfield>
   </datafield>
   <datafield ind2=" " ind1=" " tag="720">
      <subfield code="a">López Olmedo, Fabián</subfield>
      <subfield code="e">author</subfield>
   </datafield>
   <datafield ind2=" " ind1=" " tag="720">
      <subfield code="a">Najarro de la Parra, María</subfield>
      <subfield code="e">author</subfield>
   </datafield>
   <datafield ind2=" " ind1=" " tag="260">
      <subfield code="c">2006</subfield>
   </datafield>
   <datafield ind2=" " ind1=" " tag="520">
      <subfield code="a">Este trabajo consiste en el análisis de los materiales cenozoicos del entorno de la Sierra de Honrubia-Pradales (borde sureste de la Cuenca del Duero), para establecer su evolución a lo largo del tiempo, tanto vertical como lateralmente. Para ello, se realizó una cartografía litoestratigráfica de la zona, acompañada del levantamiento de columnas estratigráficas y de cortes geológicos. A partir de la revisión bibliográfica regional, se correlacionaron las unidades diferenciadas en este estudio con las ya descritas en el entorno. Como resultado se han podido diferenciar cinco unidades sedimentarias de carácter secuencial que incluyen un total de trece litofacies.</subfield>
   </datafield>
   <datafield ind2=" " ind1=" " tag="520">
      <subfield code="a">Cenozoic deposits located in the surrounding of Honrubia-Pradales Range (southeast border of the Duero Basin), are studied in this paper in order to establish the lateral and vertical chronostratigraphic evolution of the area. With this aim, a lithostratigraphic study and a geological cartography were carried out. In addition several stratigraphic and cross sections were completed. The findings were compared and correlated with the geological units already defined in the region. This study has allowed to describe five sedimentary units, which are divided into thirteen lithofacies, corresponding each one to a different stratigraphic sequence.</subfield>
   </datafield>
   <datafield ind1="8" ind2=" " tag="024">
      <subfield code="a">Luengo Olmos, Javier, et al. «Evolución litoestratigráfica del Cenozoico del entorno de la sierra de Honrubia-Pradales». Boletín geológico y minero, vol. 117, n.º Monográfico Especial, 2006, pp. 507-11, https://www.igme.es/boletin-geologico/volumen-117-numero-especial/.</subfield>
   </datafield>
   <datafield ind1="8" ind2=" " tag="024">
      <subfield code="a">0366-0176</subfield>
   </datafield>
   <datafield ind1="8" ind2=" " tag="024">
      <subfield code="a">https://hdl.handle.net/20.500.14352/110039</subfield>
   </datafield>
   <datafield ind1="8" ind2=" " tag="024">
      <subfield code="a">https://www.igme.es/boletin-geologico/volumen-117-numero-especial/</subfield>
   </datafield>
   <datafield ind1="8" ind2=" " tag="024">
      <subfield code="a">http://www.igme.es/internet/Boletin</subfield>
   </datafield>
   <datafield ind2="0" ind1="0" tag="245">
      <subfield code="a">Evolución litoestratigráfica del Cenozoico del entorno de la sierra de Honrubia-Pradales</subfield>
   </datafield>
</record></metadata></record></GetRecord></OAI-PMH>